[Event "Berlin-ch Seniors op 36th"]
[Site "Berlin"]
[Date "2020.02.06"]
[Round "9.11"]
[White "Szenetra, Werner"]
[Black "Kleinert, Michael"]
[Result "1-0"]
[WhiteElo "2221"]
[BlackElo "1899"]
[PlyCount "120"]
[EventDate "2020.01.28"]
[EventType "swiss"]
[EventRounds "9"]
[EventCountry "GER"]
[SourceTitle "EXT 2024"]
[Source "ChessBase"]
[SourceDate "2023.10.10"]
[SourceVersion "1"]
[SourceVersionDate "2023.10.10"]
[SourceQuality "1"]

1. Nf3 Nf6 2. d3 c5 3. g3 Nc6 4. Bg2 e5 5. Nbd2 Be7 6. 0-0 0-0 7. e4 d6 8. a4 b6 9. c3 Be6 10. Ng5 Bg4 11. f3 Bh5 12. Nh3 Rc8 13. Nc4 h6 14. Qe1 Nh7 15. Ne3 Ng5 16. f4 Nxh3+ 17. Bxh3 Rb8 18. Nd5 f6 19. Be6+ Bf7 20. Bxf7+ Rxf7 21. f5 Bf8 22. Qd1 Ne7 23. Qb3 Nxd5 24. Qxd5 Qe8 25. Rf2 Kh7 26. Be3 Rc7 27. g4 Qf7 28. Qxf7 Rxf7 29. h4 Be7 30. Rh2 Rff8 31. g5 h5 32. Rg2 Rg8 33. Kf2 Rbd8 34. c4 a5 35. Rag1 Rdf8 36. Ke2 Bd8 37. gxf6 Bxf6 38. Rg6 Rf7 39. Bd2 Rd8 40. Bg5 Re8 41. Bd2 Rc8 42. R1g5 Bxg5 43. hxg5 Rd7 44. Re6 Rb8 45. g6+ Kg8 46. Bg5 Kf8 47. f6 gxf6 48. Bh6+ Kg8 49. Rxf6 Rbd8 50. Kf3 Rb7 51. Kg3 Rbd7 52. Kh4 Re8 53. Kxh5 Red8 54. Kg5 Re8 55. Kf5 Rdd8 56. Rf7 Rb8 57. Kf6 Rbd8 58. Rg7+ Kh8 59. Rh7+ Kg8 60. Bg7 Rf8+ 1-0

[Event "Berlin-ch Seniors op 36th"]
[Site "Berlin"]
[Date "2020.02.04"]
[Round "7.18"]
[White "Szenetra, Werner"]
[Black "Bluhm, Robert"]
[Result "1/2-1/2"]
[WhiteElo "2221"]
[BlackElo "1802"]
[PlyCount "61"]
[EventDate "2020.01.28"]
[EventType "swiss"]
[EventRounds "9"]
[EventCountry "GER"]
[SourceTitle "EXT 2024"]
[Source "ChessBase"]
[SourceDate "2023.10.10"]
[SourceVersion "1"]
[SourceVersionDate "2023.10.10"]
[SourceQuality "1"]

1. Nf3 c5 2. g3 g6 3. Bg2 Bg7 4. d3 d6 5. 0-0 Nc6 6. c3 Nf6 7. Re1 0-0 8. e4 Nd7 9. h3 Rb8 10. Be3 b6 11. a4 Bb7 12. Nbd2 Nde5 13. Bf1 Ba6 14. Nxe5 dxe5 15. Qc2 Qd7 16. a5 Bc8 17. axb6 axb6 18. Nc4 Qc7 19. Na3 Be6 20. b4 cxb4 21. cxb4 Qb7 22. b5 Nd4 23. Bxd4 exd4 24. Nc4 Bxc4 25. Qxc4 Rfc8 26. Qb4 e5 27. Ra6 Bf8 28. Qa4 Qe7 29. Rb1 Rb7 30. Ra8 Rcc7 31. Ra1 1/2-1/2

[Event "Hamburg-ch Seniors 65+ op 26th"]
[Site "Hamburg"]
[Date "2019.11.17"]
[Round "7"]
[White "Szenetra, Werner"]
[Black "Kornrumpf, Joachim"]
[Result "1-0"]
[WhiteElo "2203"]
[BlackElo "2095"]
[PlyCount "145"]
[EventDate "2019.11.11"]
[EventType "swiss"]
[EventRounds "9"]
[EventCountry "GER"]
[SourceTitle "EXT 2022"]
[Source "ChessBase"]
[SourceDate "2021.10.06"]
[SourceVersion "1"]
[SourceVersionDate "2021.10.06"]
[SourceQuality "1"]

1. Nf3 Nf6 2. d3 c5 3. e4 d6 4. g3 g6 5. Bg2 Bg7 6. 0-0 0-0 7. Re1 Nc6 8. c3 Rb8 9. h3 Bd7 10. Be3 Qc8 11. Kh2 b5 12. Nbd2 a5 13. Rc1 b4 14. d4 bxc3 15. bxc3 cxd4 16. cxd4 Qa6 17. Bf1 Qa8 18. d5 Nb4 19. a3 Na6 20. Nc4 Nc5 21. Bxc5 dxc5 22. Nfe5 Rfc8 23. Bg2 Be8 24. Qd2 a4 25. Nc6 Bxc6 26. dxc6 Rd8 27. Qa2 Qxc6 28. e5 Nd5 29. Na5 Qb5 30. Bxd5 Qxa5 31. Bxf7+ Kh8 32. Re2 Rd4 33. Qc2 Rc8 34. Be6 Rc6 35. Bc4 Bh6 36. Rb1 Rc8 37. Rb5 Qa7 38. Qc3 Bg7 39. f4 Rd1 40. Rd2 Rxd2+ 41. Qxd2 Qc7 42. Qg2 Qd8 43. Qd5 Qxd5 44. Bxd5 Bf8 45. Bc4 Rd8 46. Ra5 Rd2+ 47. Kg1 Rd1+ 48. Kf2 Rd2+ 49. Ke3 Rh2 50. Be6 Rc2 51. Rxa4 Rc3+ 52. Kf2 Rc2+ 53. Kf3 Rc3+ 54. Kg4 h5+ 55. Kh4 Rf3 56. Ra8 Kg7 57. a4 g5+ 58. Kxg5 Rxg3+ 59. Kxh5 c4 60. Kh4 Rf3 61. Kg4 Rf1 62. Bxc4 Rg1+ 63. Kf3 Rc1 64. Be6 Rf1+ 65. Ke4 Re1+ 66. Kf5 Rh1 67. a5 Rxh3 68. a6 Ra3 69. a7 Ra5 70. Kg5 Ra6 71. f5 Ra5 72. Bd5 Rxd5 73. Rxf8 1-0

[Event "GER-ch Seniors 65 31st"]
[Site "Radebeul"]
[Date "2019.05.04"]
[Round "9"]
[White "Szenetra, Werner"]
[Black "Schmidt, Bodo"]
[Result "1-0"]
[WhiteElo "2177"]
[BlackElo "2313"]
[PlyCount "53"]
[EventDate "2019.04.26"]
[EventType "swiss"]
[EventRounds "9"]
[EventCountry "GER"]
[SourceTitle "CBM 190 Extra"]
[Source "ChessBase"]
[SourceDate "2019.07.15"]
[SourceVersion "1"]
[SourceVersionDate "2019.07.15"]
[SourceQuality "1"]

1. Nf3 d5 2. g3 Nf6 3. Bg2 e6 4. d3 Be7 5. 0-0 c5 6. Nbd2 Nc6 7. e4 0-0 8. e5 Nd7 9. Re1 Qc7 10. Qe2 b5 11. h4 Bb7 12. Nf1 Rfc8 13. Bf4 Nb6 14. N1h2 c4 15. d4 b4 16. h5 a5 17. Qe3 Na4 18. Rab1 Ba6 19. Ng4 Qb6 20. Bg5 Qd8 21. Bxe7 Qxe7 22. h6 g6 23. Nf6+ Kh8 24. Ng5 Qa7 25. Qf4 Nxd4 26. Qxd4 Qe7 27. Qf4 1-0